[Event "DEM U14 2023"]
[Site "Willingen GER"]
[Date "2023.05.28"]
[Round "1"]
[White "Nechitaylo, Nikita"]
[Black "Steger, Lukas Daniel"]
[Result "1-0"]
[Termination "normal"]
[Board "7"]
[WhiteElo "2144"]
[BlackElo "1732"]
[WhiteClock "00:26:27"]
[BlackClock "00:00:39"]
[PlyCount "135"]
[WhiteFideId "34138161"]
[BlackFideId "3335151"]
[EventCountry "GER"]
[EventRounds "9"]
[EventType "swiss"]
[EventDate "2023.05.27"]

1. d4 {[%clk 01:30:58] [%emt 00:00:01]} 1... Nf6 {[%clk 01:30:54] [%emt
00:00:06]} 2. c4 {[%clk 01:31:19] [%emt 00:00:09]} 2... g6 {[%clk 01:31:18]
[%emt 00:00:06]} 3. Nc3 {[%clk 01:31:41] [%emt 00:00:08]} 3... Bg7 {[%clk
01:31:42] [%emt 00:00:06]} 4. e4 {[%clk 01:32:03] [%emt 00:00:08]} 4... d6
{[%clk 01:32:07] [%emt 00:00:05]} 5. f3 {[%clk 01:32:26] [%emt 00:00:07]} 5...
O-O {[%clk 01:32:30] [%emt 00:00:07]} 6. Be3 {[%clk 01:32:49] [%emt 00:00:07]}
6... c5 {[%clk 01:32:34] [%emt 00:00:26]} 7. Nge2 {[%clk 01:32:10] [%emt
00:01:09]} 7... Nc6 {[%clk 01:32:50] [%emt 00:00:14]} 8. Qd2 {[%clk 01:31:40]
[%emt 00:01:00]} 8... cxd4 {[%clk 01:17:09] [%emt 00:16:11]} 9. Nxd4 {[%clk
01:31:54] [%emt 00:00:16]} 9... Nd7 {[%clk 01:13:35] [%emt 00:04:05]} 10. Nc2
{[%clk 01:28:39] [%emt 00:03:44]} 10... Nb6 {[%clk 01:05:25] [%emt 00:08:40]}
11. Be2 {[%clk 01:26:08] [%emt 00:03:00]} 11... Be6 {[%clk 00:58:00] [%emt
00:07:56]} 12. b3 {[%clk 01:25:14] [%emt 00:01:24]} 12... Nd7 {[%clk 00:48:34]
[%emt 00:09:56]} 13. Rb1 {[%clk 01:22:16] [%emt 00:03:25]} 13... Qa5 {[%clk
00:32:18] [%emt 00:16:49]} 14. b4 {[%clk 01:21:29] [%emt 00:01:16]} 14... Qd8
{[%clk 00:30:25] [%emt 00:02:24]} 15. O-O {[%clk 01:13:11] [%emt 00:08:48]}
15... Rc8 {[%clk 00:23:27] [%emt 00:07:28]} 16. Nd5 {[%clk 01:11:24] [%emt
00:02:16]} 16... Nce5 {[%clk 00:19:24] [%emt 00:04:34]} 17. Na3 {[%clk
01:10:45] [%emt 00:01:09]} 17... Bxd5 {[%clk 00:18:03] [%emt 00:01:51]} 18.
cxd5 {[%clk 01:06:34] [%emt 00:04:40]} 18... Nb6 {[%clk 00:16:15] [%emt
00:02:19]} 19. Rfc1 {[%clk 01:04:11] [%emt 00:02:53]} 19... Ned7 {[%clk
00:15:34] [%emt 00:01:10]} 20. Nb5 {[%clk 00:55:14] [%emt 00:09:27]} 20... a6
{[%clk 00:14:44] [%emt 00:01:21]} 21. Nd4 {[%clk 00:55:29] [%emt 00:00:15]}
21... Rxc1+ {[%clk 00:14:05] [%emt 00:01:09]} 22. Rxc1 {[%clk 00:55:47] [%emt
00:00:12]} 22... Qb8 {[%clk 00:11:15] [%emt 00:03:20]} 23. f4 {[%clk 00:44:08]
[%emt 00:12:09]} 23... Rc8 {[%clk 00:10:23] [%emt 00:01:22]} 24. Kf2 {[%clk
00:39:52] [%emt 00:04:46]} 24... Nf6 {[%clk 00:07:10] [%emt 00:03:42]} 25. Kf3
{[%clk 00:39:18] [%emt 00:01:05]} 25... Nfd7 {[%clk 00:06:21] [%emt 00:01:19]}
26. g4 {[%clk 00:37:15] [%emt 00:02:32]} 26... g5 {[%clk 00:03:06] [%emt
00:03:45]} 27. Nf5 {[%clk 00:35:47] [%emt 00:01:58]} 27... Rxc1 {[%clk
00:01:45] [%emt 00:01:52]} 28. Qxc1 {[%clk 00:36:09] [%emt 00:00:08]} 28...
gxf4 {[%clk 00:01:26] [%emt 00:00:48]} 29. Bxf4 {[%clk 00:35:35] [%emt
00:01:04]} 29... Bf8 {[%clk 00:01:12] [%emt 00:00:45]} 30. Bh6 {[%clk 00:34:36]
[%emt 00:01:28]} 30... Ne5+ {[%clk 00:01:34] [%emt 00:00:09]} 31. Kg2 {[%clk
00:34:55] [%emt 00:00:10]} 31... Nbd7 {[%clk 00:01:05] [%emt 00:01:00]} 32.
Qg5+ {[%clk 00:35:03] [%emt 00:00:22]} 32... Ng6 {[%clk 00:01:24] [%emt
00:00:10]} 33. h4 {[%clk 00:27:46] [%emt 00:07:47]} 33... f6 {[%clk 00:01:43]
[%emt 00:00:12]} 34. Qe3 {[%clk 00:27:01] [%emt 00:01:13]} 34... Bxh6 {[%clk
00:01:17] [%emt 00:00:58]} 35. Nxh6+ {[%clk 00:18:11] [%emt 00:09:19]} 35...
Kg7 {[%clk 00:01:39] [%emt 00:00:09]} 36. Nf5+ {[%clk 00:18:19] [%emt
00:00:21]} 36... Kf7 {[%clk 00:01:53] [%emt 00:00:16]} 37. Qh6 {[%clk 00:10:27]
[%emt 00:08:22]} 37... Qg8 {[%clk 00:02:05] [%emt 00:00:19]} 38. a4 {[%clk
00:08:54] [%emt 00:02:03]} 38... Nge5 {[%clk 00:01:04] [%emt 00:01:31]} 39. g5
{[%clk 00:06:29] [%emt 00:02:53]} 39... Ng6 {[%clk 00:01:02] [%emt 00:00:34]}
40. Bh5 {[%clk 00:06:23] [%emt 00:00:35]} 40... b6 {[%clk 00:00:39] [%emt
00:00:53]} 41. Bg4 {[%clk 00:26:27] [%emt 00:10:25]} 41... Ke8 42. Ng7+ Kd8 43.
Ne6+ Kc8 44. Bf5 Kb7 45. Nd4 Nde5 46. Kg3 Nf7 47. Qh5 fxg5 48. hxg5 Qg7 49. Nf3
Nfe5 50. Qh6 Qh8 51. Bxg6 Nxg6 52. Qh3 Qf8 53. Qd7+ Kb8 54. Qc6 Qd8 55. Nd4 Ne5
56. Kh4 Ng6+ 57. Kh5 Nf4+ 58. Kg4 Ng6 59. Qc3 Ne5+ 60. Kh4 Qd7 61. Ne6 Ka8 62.
Qc7 Qxc7 63. Nxc7+ Kb7 64. Ne6 b5 65. axb5 axb5 66. Kh5 Nf7 67. Nf8 Kc7 68.
Nxh7 1-0

[Event "DEM U14 2023"]
[Site "Willingen GER"]
[Date "2023.05.28"]
[Round "1"]
[White "Lu, Yunong Elias"]
[Black "Neuhoff, Laertes"]
[Result "1/2-1/2"]
[Termination "normal"]
[Board "8"]
[WhiteElo "1823"]
[BlackElo "2109"]
[WhiteClock "00:30:17"]
[BlackClock "00:01:08"]
[PlyCount "84"]
[WhiteFideId "16276426"]
[BlackFideId "16279719"]
[EventCountry "GER"]
[EventRounds "9"]
[EventType "swiss"]
[EventDate "2023.05.27"]

1. e4 {[%clk 01:30:53] [%emt 00:00:04]} 1... c5 {[%clk 01:30:55] [%emt
00:00:07]} 2. Nf3 {[%clk 01:31:10] [%emt 00:00:13]} 2... Nc6 {[%clk 01:31:19]
[%emt 00:00:07]} 3. Bb5 {[%clk 01:31:29] [%emt 00:00:11]} 3... Nf6 {[%clk
01:31:37] [%emt 00:00:11]} 4. Bxc6 {[%clk 01:30:45] [%emt 00:01:14]} 4... dxc6
{[%clk 01:31:24] [%emt 00:00:44]} 5. d3 {[%clk 01:30:31] [%emt 00:00:44]} 5...
Qc7 {[%clk 01:17:00] [%emt 00:14:54]} 6. h3 {[%clk 01:18:55] [%emt 00:12:06]}
6... e5 {[%clk 01:15:39] [%emt 00:01:51]} 7. O-O {[%clk 01:13:08] [%emt
00:06:15]} 7... Be7 {[%clk 01:12:12] [%emt 00:03:58]} 8. a3 {[%clk 01:07:37]
[%emt 00:06:02]} 8... h6 {[%clk 01:04:02] [%emt 00:08:39]} 9. Nh2 {[%clk
01:03:35] [%emt 00:04:32]} 9... O-O {[%clk 00:52:28] [%emt 00:12:04]} 10. Kh1
{[%clk 00:57:57] [%emt 00:06:07]} 10... Be6 {[%clk 00:44:54] [%emt 00:08:06]}
11. Qe2 {[%clk 00:47:47] [%emt 00:10:38]} 11... Bd6 {[%clk 00:37:46] [%emt
00:07:39]} 12. b3 {[%clk 00:38:51] [%emt 00:09:26]} 12... b5 {[%clk 00:34:56]
[%emt 00:03:20]} 13. Bb2 {[%clk 00:22:15] [%emt 00:17:06]} 13... Nd7 {[%clk
00:27:10] [%emt 00:08:16]} 14. Nd2 {[%clk 00:15:45] [%emt 00:07:00]} 14... f6
{[%clk 00:25:04] [%emt 00:02:36]} 15. Ng4 {[%clk 00:12:02] [%emt 00:04:12]}
15... Nb6 {[%clk 00:20:18] [%emt 00:05:17]} 16. Ne3 {[%clk 00:11:29] [%emt
00:01:03]} 16... g6 {[%clk 00:12:48] [%emt 00:08:00]} 17. Rac1 {[%clk 00:07:37]
[%emt 00:04:21]} 17... a5 {[%clk 00:09:59] [%emt 00:03:20]} 18. c3 {[%clk
00:06:22] [%emt 00:01:45]} 18... Qf7 {[%clk 00:04:51] [%emt 00:05:37]} 19. Ng4
{[%clk 00:03:42] [%emt 00:03:11]} 19... Kg7 {[%clk 00:03:21] [%emt 00:02:00]}
20. d4 {[%clk 00:03:31] [%emt 00:00:41]} 20... Bxg4 {[%clk 00:01:45] [%emt
00:02:06]} 21. Qxg4 {[%clk 00:03:47] [%emt 00:00:13]} 21... c4 {[%clk 00:01:48]
[%emt 00:00:28]} 22. dxe5 {[%clk 00:02:55] [%emt 00:01:21]} 22... fxe5 {[%clk
00:01:59] [%emt 00:00:20]} 23. b4 {[%clk 00:03:09] [%emt 00:00:16]} 23... axb4
{[%clk 00:00:42] [%emt 00:01:47]} 24. cxb4 {[%clk 00:03:30] [%emt 00:00:10]}
24... Kh7 {[%clk 00:00:55] [%emt 00:00:16]} 25. Nf3 {[%clk 00:02:40] [%emt
00:01:19]} 25... Rae8 {[%clk 00:01:00] [%emt 00:00:26]} 26. Rfd1 {[%clk
00:02:58] [%emt 00:00:12]} 26... Bc7 {[%clk 00:01:23] [%emt 00:00:07]} 27. Rd2
{[%clk 00:01:22] [%emt 00:02:05]} 27... Qf4 {[%clk 00:00:41] [%emt 00:03:04]}
28. Qxf4 {[%clk 00:01:18] [%emt 00:01:01]} 28... Rxf4 {[%clk 00:01:02] [%emt
00:00:09]} 29. Rcd1 {[%clk 00:00:37] [%emt 00:01:10]} 29... Rf7 {[%clk
00:01:09] [%emt 00:00:24]} 30. Rc2 {[%clk 00:00:40] [%emt 00:00:28]} 30... Rd7
{[%clk 00:00:53] [%emt 00:00:45]} 31. Rcd2 {[%clk 00:00:44] [%emt 00:00:26]}
31... Rxd2 {[%clk 00:00:59] [%emt 00:00:23]} 32. Rxd2 {[%clk 00:01:09] [%emt
00:00:06]} 32... Re7 {[%clk 00:01:15] [%emt 00:00:14]} 33. Kg1 {[%clk 00:01:09]
[%emt 00:00:30]} 33... Rd7 {[%clk 00:01:14] [%emt 00:00:32]} 34. Rxd7+ {[%clk
00:01:34] [%emt 00:00:04]} 34... Nxd7 {[%clk 00:01:41] [%emt 00:00:02]} 35. Kf1
{[%clk 00:01:56] [%emt 00:00:08]} 35... Kg7 {[%clk 00:01:26] [%emt 00:00:45]}
36. Ke2 {[%clk 00:02:16] [%emt 00:00:10]} 36... Kf6 {[%clk 00:01:27] [%emt
00:00:29]} 37. Ne1 {[%clk 00:01:22] [%emt 00:01:23]} 37... Ke6 {[%clk 00:01:39]
[%emt 00:00:19]} 38. Nc2 {[%clk 00:01:14] [%emt 00:00:38]} 38... Nf6 {[%clk
00:00:59] [%emt 00:01:10]} 39. f3 {[%clk 00:00:49] [%emt 00:00:55]} 39... Nh5
{[%clk 00:00:49] [%emt 00:00:40]} 40. Bc1 {[%clk 00:01:12] [%emt 00:00:06]}
40... g5 {[%clk 00:01:08] [%emt 00:00:12]} 41. g4 {[%clk 00:30:17] [%emt
00:01:25]} 41... Nf4+ 42. Bxf4 gxf4 1/2-1/2

[Event "DEM U14 2023"]
[Site "Willingen GER"]
[Date "2023.05.28"]
[Round "1"]
[White "Sauer, Tim"]
[Black "Chugunov, Ivan"]
[Result "1-0"]
[Termination "normal"]
[Board "9"]
[WhiteElo "2093"]
[BlackElo "1670"]
[WhiteClock "01:31:18"]
[BlackClock "01:30:48"]
[PlyCount "81"]
[WhiteFideId "16265726"]
[BlackFideId "16256808"]
[EventCountry "GER"]
[EventRounds "9"]
[EventType "swiss"]
[EventDate "2023.05.27"]

1. c4 {[%clk 01:30:57] [%emt 00:00:03]} 1... e5 {[%clk 01:30:48] [%emt
00:00:12]} 2. Nc3 {[%clk 01:31:18] [%emt 00:00:09]} 2... Nf6 {[%emt 00:00:18]}
3. g3 {[%emt 00:00:10]} 3... c6 {[%emt 00:00:21]} 4. Nf3 {[%emt 00:00:31]} 4...
e4 {[%emt 00:01:12]} 5. Nd4 {[%emt 00:00:07]} 5... d5 {[%emt 00:00:22]} 6. cxd5
{[%emt 00:00:08]} 6... cxd5 {[%emt 00:00:10]} 7. Bg2 {[%emt 00:00:21]} 7... Bc5
{[%emt 00:03:59]} 8. Nb3 {[%emt 00:00:12]} 8... Bb6 {[%emt 00:05:08]} 9. O-O
{[%emt 00:04:22]} 9... O-O {[%emt 00:03:42]} 10. d3 {[%emt 00:00:34]} 10... Bf5
{[%emt 00:01:49]} 11. Bg5 {[%emt 00:08:07]} 11... Re8 {[%emt 00:10:51]} 12.
Bxf6 {[%emt 00:06:21]} 12... gxf6 {[%emt 00:00:31]} 13. dxe4 {[%emt 00:03:19]}
13... dxe4 {[%emt 00:09:43]} 14. Qxd8 {[%emt 00:02:01]} 14... Bxd8 {[%emt
00:02:12]} 15. Nc5 {[%emt 00:03:10]} 15... Nc6 {[%emt 00:13:14]} 16. Nxb7
{[%emt 00:16:03]} 16... Bc7 {[%emt 00:05:02]} 17. Nb5 {[%emt 00:05:10]} 17...
Re7 {[%emt 00:16:54]} 18. Nxc7 {[%emt 00:14:17]} 18... Rxc7 {[%emt 00:00:27]}
19. Nd6 {[%emt 00:00:18]} 19... Bg6 {[%emt 00:00:25]} 20. Nxe4 {[%emt
00:00:21]} 20... Bxe4 {[%emt 00:02:43]} 21. Bxe4 {[%emt 00:00:09]} 21... Rac8
{[%emt 00:00:09]} 22. Rfc1 {[%emt 00:02:17]} 22... Nd4 {[%emt 00:01:40]} 23.
Rxc7 {[%emt 00:00:25]} 23... Rxc7 {[%emt 00:00:12]} 24. e3 {[%emt 00:07:07]}
24... Ne6 {[%emt 00:00:42]} 25. Kf1 {[%emt 00:01:13]} 25... Kg7 {[%emt
00:00:57]} 26. h4 {[%emt 00:00:59]} 26... Rc5 {[%emt 00:00:45]} 27. Ke2 {[%emt
00:05:47]} 27... f5 {[%emt 00:00:21]} 28. Bd3 {[%emt 00:00:12]} 28... Kf6
{[%emt 00:00:23]} 29. Kd2 {[%emt 00:03:10]} 29... Rd5 {[%emt 00:00:58]} 30. b4
{[%emt 00:00:53]} 30... a5 {[%emt 00:00:20]} 31. a3 {[%emt 00:00:06]} 31...
axb4 {[%emt 00:01:39]} 32. axb4 {[%emt 00:00:09]} 32... Nc7 {[%emt 00:00:17]}
33. Ra5 {[%emt 00:01:04]} 33... Ke6 {[%emt 00:00:36]} 34. Rxd5 {[%emt
00:00:33]} 34... Kxd5 {[%emt 00:00:27]} 35. Bxf5 {[%emt 00:00:05]} 35... Kc4
{[%emt 00:00:10]} 36. Bxh7 {[%emt 00:00:15]} 36... Kxb4 {[%emt 00:00:06]} 37.
Bg8 {[%emt 00:00:24]} 37... f5 {[%emt 00:01:10]} 38. h5 {[%emt 00:00:58]} 38...
Ne8 {[%emt 00:00:09]} 39. h6 {[%emt 00:00:07]} 39... Nf6 {[%emt 00:00:04]} 40.
h7 {[%emt 00:00:05]} 40... Nxh7 {[%emt 00:00:05]} 41. Bxh7 {[%emt 00:00:04]}
1-0

[Event "DEM U14 2023"]
[Site "Willingen GER"]
[Date "2023.05.28"]
[Round "1"]
[White "Aniol, Nico"]
[Black "Haubold, Sebastian Marcel"]
[Result "1/2-1/2"]
[Termination "normal"]
[Board "10"]
[WhiteElo "1592"]
[BlackElo "2092"]
[WhiteClock "01:12:16"]
[BlackClock "00:26:06"]
[PlyCount "83"]
[WhiteFideId "16287096"]
[BlackFideId "16259637"]
[EventCountry "GER"]
[EventRounds "9"]
[EventType "swiss"]
[EventDate "2023.05.27"]

1. e4 {[%clk 01:30:58] [%emt 00:00:02]} 1... e5 {[%clk 01:30:44] [%emt
00:00:16]} 2. Nf3 {[%clk 01:31:24] [%emt 00:00:04]} 2... Nc6 {[%clk 01:31:06]
[%emt 00:00:07]} 3. Bb5 {[%clk 01:31:51] [%emt 00:00:04]} 3... a6 {[%clk
01:30:35] [%emt 00:01:01]} 4. Ba4 {[%clk 01:32:16] [%emt 00:00:05]} 4... Nf6
{[%clk 01:31:00] [%emt 00:00:05]} 5. O-O {[%clk 01:32:40] [%emt 00:00:06]} 5...
Be7 {[%clk 01:31:19] [%emt 00:00:11]} 6. Re1 {[%clk 01:33:06] [%emt 00:00:04]}
6... b5 {[%clk 01:31:42] [%emt 00:00:06]} 7. Bb3 {[%clk 01:33:33] [%emt
00:00:04]} 7... O-O {[%clk 01:32:04] [%emt 00:00:08]} 8. a4 {[%clk 01:34:00]
[%emt 00:00:03]} 8... Bb7 {[%clk 01:30:48] [%emt 00:01:46]} 9. d3 {[%clk
01:33:46] [%emt 00:00:44]} 9... d6 {[%clk 01:30:23] [%emt 00:00:55]} 10. Bd2
{[%clk 01:32:07] [%emt 00:02:09]} 10... Qd7 {[%clk 01:15:01] [%emt 00:15:51]}
11. Nc3 {[%clk 01:29:58] [%emt 00:02:40]} 11... Nd4 {[%clk 01:00:24] [%emt
00:15:07]} 12. Nxd4 {[%clk 01:28:02] [%emt 00:02:26]} 12... exd4 {[%clk
00:59:24] [%emt 00:01:29]} 13. Ne2 {[%clk 01:28:02] [%emt 00:00:31]} 13... c5
{[%clk 00:59:04] [%emt 00:00:50]} 14. Nf4 {[%clk 01:20:49] [%emt 00:07:43]}
14... Rfc8 {[%clk 00:53:31] [%emt 00:06:03]} 15. Nd5 {[%clk 01:18:44] [%emt
00:02:35]} 15... Nxd5 {[%clk 00:50:15] [%emt 00:03:46]} 16. Bxd5 {[%clk
01:19:07] [%emt 00:00:07]} 16... Bxd5 {[%clk 00:42:30] [%emt 00:08:16]} 17.
exd5 {[%clk 01:19:31] [%emt 00:00:05]} 17... Bf6 {[%clk 00:41:07] [%emt
00:01:52]} 18. axb5 {[%clk 01:09:10] [%emt 00:10:53]} 18... axb5 {[%clk
00:41:15] [%emt 00:00:21]} 19. Qf3 {[%clk 01:06:03] [%emt 00:03:37]} 19... Be5
{[%clk 00:26:19] [%emt 00:15:26]} 20. Bf4 {[%clk 00:59:28] [%emt 00:07:05]}
20... Qf5 {[%clk 00:17:27] [%emt 00:09:22]} 21. Rxa8 {[%clk 00:58:55] [%emt
00:01:03]} 21... Rxa8 {[%clk 00:17:41] [%emt 00:00:16]} 22. Bxe5 {[%clk
00:59:22] [%emt 00:00:04]} 22... Qxe5 {[%clk 00:17:22] [%emt 00:00:48]} 23. Qe4
{[%clk 00:53:22] [%emt 00:06:29]} 23... Qxe4 {[%clk 00:15:12] [%emt 00:02:41]}
24. dxe4 {[%clk 00:53:47] [%emt 00:00:05]} 24... Kf8 {[%clk 00:12:28] [%emt
00:03:14]} 25. Kf1 {[%clk 00:53:57] [%emt 00:00:20]} 25... Ra2 {[%clk 00:12:24]
[%emt 00:00:32]} 26. Rb1 {[%clk 00:54:24] [%emt 00:00:04]} 26... c4 {[%clk
00:10:51] [%emt 00:02:04]} 27. Ke1 {[%clk 00:53:49] [%emt 00:01:05]} 27... Ke7
{[%clk 00:10:46] [%emt 00:00:35]} 28. f4 {[%clk 00:51:49] [%emt 00:02:30]}
28... f6 {[%clk 00:08:09] [%emt 00:03:06]} 29. Kd2 {[%clk 00:50:02] [%emt
00:02:18]} 29... Kd8 {[%clk 00:05:41] [%emt 00:02:58]} 30. h4 {[%clk 00:49:15]
[%emt 00:01:16]} 30... Kc7 {[%clk 00:02:52] [%emt 00:03:21]} 31. g4 {[%clk
00:47:56] [%emt 00:01:48]} 31... Kb6 {[%clk 00:01:55] [%emt 00:01:27]} 32. g5
{[%clk 00:46:54] [%emt 00:01:31]} 32... Rxb2 {[%clk 00:01:13] [%emt 00:01:12]}
33. Rxb2 {[%clk 00:47:07] [%emt 00:00:18]} 33... c3+ {[%clk 00:01:43]} 34. Kc1
{[%clk 00:47:30] [%emt 00:00:06]} 34... cxb2+ 35. Kxb2 {[%clk 00:47:56]} 35...
h6 {[%clk 00:01:12] [%emt 00:01:28]} 36. Kb3 {[%clk 00:42:55] [%emt 00:05:31]}
36... Kc5 {[%clk 00:01:34] [%emt 00:00:08]} 37. gxf6 {[%clk 00:43:13] [%emt
00:00:11]} 37... gxf6 {[%clk 00:01:58] [%emt 00:00:06]} 38. h5 {[%clk 00:43:38]
[%emt 00:00:05]} 38... b4 {[%clk 00:01:33] [%emt 00:00:55]} 39. Kb2 {[%clk
00:43:39] [%emt 00:00:30]} 39... Kc4 {[%clk 00:01:04] [%emt 00:00:58]} 40. Kc1
{[%clk 00:44:06] [%emt 00:00:04]} 40... Kc5 {[%clk 00:00:56] [%emt 00:00:38]}
41. Kd1 {[%clk 00:44:11] [%emt 00:00:25]} 41... Kb5 {[%clk 00:26:06] [%emt
00:05:20]} 42. Kc1 {[%clk 01:12:16] [%emt 00:02:25]} 1/2-1/2

[Event "DEM U14 2023"]
[Site "Willingen GER"]
[Date "2023.05.28"]
[Round "1"]
[White "Mohammadzadeh, Daris"]
[Black "Klaska, Philipp Leon"]
[Result "1/2-1/2"]
[Termination "normal"]
[Board "12"]
[WhiteElo "1639"]
[BlackElo "2026"]
[WhiteClock "00:00:49"]
[BlackClock "00:00:35"]
[PlyCount "70"]
[WhiteFideId "34604359"]
[BlackFideId "16238044"]
[EventCountry "GER"]
[EventRounds "9"]
[EventType "swiss"]
[EventDate "2023.05.27"]

1. c4 {[%clk 01:30:55] [%emt 00:00:04]} 1... Nf6 {[%clk 01:30:19] [%emt
00:00:40]} 2. Nc3 {[%clk 01:31:20] [%emt 00:00:06]} 2... c5 {[%clk 01:28:49]
[%emt 00:02:00]} 3. Nf3 {[%clk 01:31:42] [%emt 00:00:08]} 3... Nc6 {[%clk
01:20:34] [%emt 00:08:46]} 4. g3 {[%clk 01:32:00] [%emt 00:00:11]} 4... g6
{[%clk 01:14:33] [%emt 00:06:31]} 5. d4 {[%clk 01:31:36] [%emt 00:00:53]} 5...
cxd4 {[%clk 01:14:28] [%emt 00:00:36]} 6. Nxd4 {[%clk 01:31:55] [%emt
00:00:11]} 6... Bg7 {[%clk 01:14:16] [%emt 00:00:43]} 7. Bg2 {[%clk 01:29:21]
[%emt 00:03:03]} 7... O-O {[%clk 01:14:26] [%emt 00:00:20]} 8. O-O {[%clk
01:27:36] [%emt 00:02:16]} 8... Nxd4 {[%clk 01:06:15] [%emt 00:08:41]} 9. Qxd4
{[%clk 01:27:32] [%emt 00:00:33]} 9... d6 {[%clk 01:06:33] [%emt 00:00:12]} 10.
Rd1 {[%clk 01:18:34] [%emt 00:09:28]} 10... Be6 {[%clk 00:57:47] [%emt
00:09:15]} 11. Qh4 {[%clk 01:02:51] [%emt 00:16:14]} 11... Rc8 {[%clk 00:51:54]
[%emt 00:06:22]} 12. b3 {[%clk 00:55:03] [%emt 00:08:19]} 12... Nd7 {[%clk
00:41:58] [%emt 00:10:24]} 13. Bd2 {[%clk 00:25:16] [%emt 00:30:19]} 13... b6
{[%clk 00:25:21] [%emt 00:17:06]} 14. Rac1 {[%clk 00:22:52] [%emt 00:02:55]}
14... a5 {[%clk 00:19:49] [%emt 00:06:02]} 15. Bh6 {[%clk 00:18:36] [%emt
00:04:47]} 15... Nc5 {[%clk 00:17:26] [%emt 00:02:51]} 16. Bxg7 {[%clk
00:16:28] [%emt 00:02:39]} 16... Kxg7 {[%clk 00:17:49] [%emt 00:00:07]} 17. Ne4
{[%clk 00:12:59] [%emt 00:03:58]} 17... Nxe4 {[%clk 00:17:01] [%emt 00:01:18]}
18. Qxe4 {[%clk 00:11:45] [%emt 00:01:44]} 18... Rc5 {[%clk 00:16:39] [%emt
00:00:50]} 19. Qd4+ {[%clk 00:09:38] [%emt 00:02:39]} 19... Kg8 {[%clk
00:16:57] [%emt 00:00:12]} 20. Rc3 {[%clk 00:09:14] [%emt 00:00:54]} 20... Qc7
{[%clk 00:16:26] [%emt 00:01:00]} 21. Re3 {[%clk 00:07:54] [%emt 00:01:51]}
21... Rc8 {[%clk 00:15:59] [%emt 00:00:55]} 22. Qh4 {[%clk 00:06:58] [%emt
00:01:28]} 22... Rb8 {[%clk 00:13:45] [%emt 00:02:43]} 23. Bd5 {[%clk 00:05:27]
[%emt 00:02:01]} 23... Bxd5 {[%clk 00:10:59] [%emt 00:03:16]} 24. cxd5 {[%clk
00:05:18] [%emt 00:00:40]} 24... Re8 {[%clk 00:07:10] [%emt 00:04:17]} 25. Rd4
{[%clk 00:04:46] [%emt 00:01:04]} 25... Qb7 {[%clk 00:06:13] [%emt 00:01:25]}
26. f3 {[%clk 00:03:20] [%emt 00:01:59]} 26... Kg7 {[%clk 00:04:07] [%emt
00:02:35]} 27. Kf2 {[%clk 00:02:03] [%emt 00:01:47]} 27... b5 {[%clk 00:03:42]
[%emt 00:00:55]} 28. Rde4 {[%clk 00:01:39] [%emt 00:00:54]} 28... Qxd5 {[%clk
00:02:10] [%emt 00:02:02]} 29. Rxe7 {[%clk 00:01:45] [%emt 00:00:24]} 29...
Rxe7 {[%clk 00:02:36] [%emt 00:00:05]} 30. Qxe7 {[%clk 00:01:38] [%emt
00:00:36]} 30... Rc2 {[%clk 00:02:45] [%emt 00:00:18]} 31. a4 {[%clk 00:01:01]
[%emt 00:01:10]} 31... b4 {[%clk 00:03:02] [%emt 00:00:13]} 32. Qe4 {[%clk
00:00:42] [%emt 00:00:50]} 32... Qc5 {[%clk 00:02:52] [%emt 00:00:39]} 33. Kg2
{[%clk 00:00:32] [%emt 00:00:40]} 33... Rc3 {[%clk 00:02:32] [%emt 00:00:50]}
34. Rd3 {[%clk 00:00:45] [%emt 00:00:17]} 34... Rxd3 {[%clk 00:00:45] [%emt
00:02:16]} 35. Qxd3 {[%clk 00:00:49] [%emt 00:00:25]} 35... Qc3 {[%clk
00:00:35] [%emt 00:00:41]} 1/2-1/2